000 005170000a22001930004500
001 002778
003 MACL
005 20150714170505.0
008 150714b xxu||||| |||| 00| 0 eng d
040 _aMACL
_cMACL
041 _aEnglish
082 _a322/BHA
100 _aBhattacharya, Sabyasachi
_92138
245 _aThe financial Foundations of the British Raj
_b58-1872
_cSabyasachi Bhattacharya
260 _aNew Delhi
_c2005
_bOrient Longman
350 _a695
650 _aEconomics
_974
942 _k332
_cBK
_2ddc
999 _c14687
_d14687